| 000 | 00852nam a2200229 a 4500 | ||
|---|---|---|---|
| 005 | 20220524063629.0 | ||
| 008 | 991125s1978 mx 000 0 spa u | ||
| 020 | _a9684240200 | ||
| 035 | _aUPN01000037213 | ||
| 049 | _aLT | ||
| 050 | 4 |
_aLB1645 M6.2 _bP3.5 1976 |
|
| 100 | 1 |
_aParra Cabrera, Luis Humberto _928597 |
|
| 245 | 1 | 0 |
_aMatemáticas : _bsegundo curso / _cLuis H. Parra Cabrera, Guillermo Parra Cabrera. |
| 250 | _a3a ed. | ||
| 260 |
_aMéxico : _bKapelusz, _c1978. |
||
| 300 | _a255 p. | ||
| 500 | _a"Texto para alumnos de segundo grado de enseñanza media básica obra escrita conforme al programa oficial vigente" | ||
| 500 | _a"Este texto satisface ambas estructuras : por área y por asignatura" | ||
| 650 | 4 |
_aMatemáticas _xEstudio y enseñanza (Secundaria) _94860 |
|
| 700 | 1 |
_aParra Cabrera, Guillermo, _ecoaut. |
|
| 905 | _aLibro | ||
| 999 |
_c37213 _d37213 |
||